[Event "Wroclaw Anderssen Memorial op-A"]
[Site "Wroclaw"]
[Date "2023.08.06"]
[Round "2"]
[White "Reichel, Lukasz"]
[Black "Miasik, Adrian"]
[Result "0-1"]
[WhiteElo "1914"]
[BlackElo "2018"]
[PlyCount "112"]
[EventDate "2023.08.06"]
[EventType "swiss"]
[EventRounds "9"]
[EventCountry "POL"]
[SourceTitle "CBM 215 Extra"]
[Source "ChessBase"]
[SourceDate "2023.09.30"]
[SourceVersion "1"]
[SourceVersionDate "2023.09.30"]
[SourceQuality "1"]

1. e4 c5 2. Nf3 g6 3. d4 cxd4 4. Nxd4 Bg7 5. c4 Nc6 6. Be3 Nf6 7. Nc3 0-0 8. Be2 d6 9. 0-0 Bd7 10. Nc2 a6 11. f3 Rc8 12. Qd2 Ne5 13. b3 b5 14. cxb5 Qc7 15. Bd4 axb5 16. Nb4 Qa5 17. a3 Rb8 18. Qb2 Nc6 19. Nxc6 Bxc6 20. b4 Qc7 21. Rac1 Qb7 22. Rfd1 Rfc8 23. e5 dxe5 24. Bxe5 Ra8 25. Bd4 Bh6 26. Rc2 Nh5 27. Bd3 Nf4 28. Be4 Ne6 29. Be5 Bxe4 30. Nxe4 Rxc2 31. Qxc2 Rxa3 32. Nc5 Be3+ 33. Kf1 Bxc5 34. bxc5 Qc6 35. Bb2 Ra4 36. Qc3 f6 37. Qb3 Rc4 38. Ba3 Kg7 39. Re1 Kf7 40. Qe3 b4 41. Qe2 Qd5 42. Bb2 Rxc5 43. Qe4 Qc4+ 44. Re2 Rc7 45. g3 Qxe4 46. Rxe4 Rb7 47. Rc4 Rb5 48. Ke2 Nc5 49. Kd2 e5 50. f4 Ke6 51. fxe5 fxe5 52. Rh4 Rb7 53. Kc2 Kd5 54. Bc1 b3+ 55. Kb1 Rf7 56. Be3 Nd3 0-1

[Event "POL-chT 2nd League"]
[Site "Sypniewo"]
[Date "2021.09.11"]
[Round "8.16"]
[White "Miasik, Adrian"]
[Black "Mierzynski, Jaroslaw"]
[Result "1/2-1/2"]
[WhiteElo "1948"]
[BlackElo "1922"]
[PlyCount "40"]
[EventDate "2021.09.04"]
[EventType "team-swiss"]
[EventRounds "9"]
[EventCountry "POL"]
[SourceTitle "CBM 204 Extra"]
[Source "ChessBase"]
[SourceDate "2021.11.30"]
[SourceVersion "1"]
[SourceVersionDate "2021.11.30"]
[SourceQuality "1"]
[WhiteTeam "Rzeszow RzKSz"]
[BlackTeam "Wolsztyn UKS Szach"]
[WhiteTeamCountry "POL"]
[BlackTeamCountry "POL"]

1. d4 d5 2. Nf3 Bf5 3. g3 e6 4. Bg2 Nf6 5. 0-0 Be7 6. c4 c6 7. Qb3 Qb6 8. c5 Qxb3 9. axb3 Nbd7 10. b4 Bxb1 11. Rxb1 0-0 12. Ra1 a6 13. h3 h6 14. Kh2 Rfc8 15. Ra3 Ne8 16. Ne5 Nf8 17. e4 Nc7 18. exd5 Nxd5 19. Bxd5 exd5 20. Be3 Re8 1/2-1/2

[Event "POL-chT 2nd League"]
[Site "Sypniewo"]
[Date "2021.09.08"]
[Round "5.12"]
[White "Szczepaniak, Lukasz1"]
[Black "Miasik, Adrian"]
[Result "1/2-1/2"]
[WhiteElo "2202"]
[BlackElo "1948"]
[PlyCount "139"]
[EventDate "2021.09.04"]
[EventType "team-swiss"]
[EventRounds "9"]
[EventCountry "POL"]
[SourceTitle "CBM 204 Extra"]
[Source "ChessBase"]
[SourceDate "2021.11.30"]
[SourceVersion "1"]
[SourceVersionDate "2021.11.30"]
[SourceQuality "1"]
[WhiteTeam "Wisznia Mala Bialy Krol II"]
[BlackTeam "Rzeszow RzKSz"]
[WhiteTeamCountry "POL"]
[BlackTeamCountry "POL"]

1. e4 e5 2. Nf3 Nc6 3. Bc4 Bc5 4. c3 Nf6 5. d3 a6 6. Bb3 Ba7 7. Nbd2 0-0 8. h3 d5 9. 0-0 d4 10. Nc4 Qe7 11. cxd4 Bxd4 12. Nxd4 Nxd4 13. f4 Nxb3 14. Qxb3 Be6 15. Qc3 Bxc4 16. Qxc4 Rfd8 17. Rf3 Rd7 18. Qb3 Rad8 19. fxe5 Qxe5 20. Qxb7 Rxd3 21. Rxd3 Rxd3 22. Qa8+ Qe8 23. Qxe8+ Nxe8 24. Bf4 Rd4 25. Re1 Kf8 26. Be5 Ra4 27. a3 Nd6 28. Bxd6+ cxd6 29. Kf2 Rc4 30. Ke3 Ke7 31. Kd3 Rc5 32. Re2 Ke6 33. Kd4 Rg5 34. g4 h5 35. gxh5 Rxh5 36. Re3 Rh4 37. b4 f5 38. Kd3 f4 39. Rf3 Ke5 40. a4 Rh8 41. Ke2 Kxe4 42. b5 axb5 43. axb5 Ra8 44. Rb3 f3+ 45. Ke1 Ra1+ 46. Kf2 Ra2+ 47. Ke1 Rh2 48. h4 Re2+ 49. Kf1 Ra2 50. b6 Ra8 51. b7 Rb8 52. Kf2 d5 53. Rb4+ d4 54. h5 Kd3 55. Kxf3 Kc3 56. Rb6 Kd2 57. Ke4 d3 58. Rb3 Ke2 59. Rxd3 Rxb7 60. Rh3 Rf7 61. Rh2+ Kf1 62. Ke5 Kg1 63. Rh4 Kg2 64. Rf4 Re7+ 65. Kf5 Rf7+ 66. Kg5 Rxf4 67. Kxf4 Kh3 68. Kg5 Kg3 69. h6 gxh6+ 70. Kxh6 1/2-1/2

[Event "POL-chT 2nd League"]
[Site "Sypniewo"]
[Date "2021.09.04"]
[Round "1.13"]
[White "Kukula, Pawel"]
[Black "Miasik, Adrian"]
[Result "1/2-1/2"]
[WhiteElo "2121"]
[BlackElo "1948"]
[PlyCount "69"]
[EventDate "2021.09.04"]
[EventType "team-swiss"]
[EventRounds "9"]
[EventCountry "POL"]
[SourceTitle "CBM 204 Extra"]
[Source "ChessBase"]
[SourceDate "2021.11.30"]
[SourceVersion "1"]
[SourceVersionDate "2021.11.30"]
[SourceQuality "1"]
[WhiteTeam "Grudziadz Rotmistrz"]
[BlackTeam "Rzeszow RzKSz"]
[WhiteTeamCountry "POL"]
[BlackTeamCountry "POL"]

1. d4 d5 2. c4 e6 3. Nc3 c5 4. cxd5 exd5 5. Nf3 Nc6 6. Bf4 Nf6 7. e3 c4 8. Be2 Bd6 9. Bg5 Be7 10. 0-0 0-0 11. Ne5 Be6 12. f4 h6 13. Bxf6 Bxf6 14. Bf3 Bxe5 15. fxe5 a6 16. b3 cxb3 17. axb3 Rc8 18. Rc1 Qg5 19. Qd2 Ne7 20. Ne2 Ng6 21. Nf4 Nxf4 22. exf4 Qe7 23. Qa5 Qd7 24. f5 Bxf5 25. Qxd5 Qxd5 26. Bxd5 Rxc1 27. Rxc1 Rd8 28. Bxb7 Rxd4 29. Bxa6 Be6 30. Bc4 Bxc4 31. Rxc4 Rd2 32. Re4 Rb2 33. b4 Kf8 34. Rc4 Ke7 35. Rc7+ 1/2-1/2

[Event "Lezajsk Merlin 1st"]
[Site "Lezajsk"]
[Date "2021.08.10"]
[Round "9"]
[White "Bojczewski, Mateusz"]
[Black "Miasik, Adrian"]
[Result "1-0"]
[WhiteElo "1922"]
[BlackElo "1946"]
[PlyCount "49"]
[EventDate "2021.08.04"]
[EventType "swiss"]
[EventRounds "9"]
[EventCountry "POL"]
[SourceTitle "CBM 203 Extra"]
[Source "ChessBase"]
[SourceDate "2021.09.30"]
[SourceVersion "1"]
[SourceVersionDate "2021.09.30"]
[SourceQuality "1"]

1. e4 d6 2. d4 Nf6 3. Nc3 Nbd7 4. Nf3 e5 5. Rg1 g6 6. g4 Bg7 7. Be3 0-0 8. g5 Nh5 9. Be2 c6 10. Qd2 b5 11. dxe5 dxe5 12. Qd6 Nf4 13. Qxc6 Rb8 14. Bxb5 Qa5 15. 0-0-0 Nb6 16. Bc5 Bb7 17. Qd6 Ba8 18. Bb4 Nc4 19. Bxa5 Nxd6 20. Rxd6 Rxb5 21. Nxb5 Bxe4 22. Nd2 Rb8 23. Rd8+ Rxd8 24. Bxd8 Bc6 25. Nc3 1-0

[Event "Lezajsk Merlin Blitz 1st"]
[Site "Lezajsk"]
[Date "2021.08.10"]
[Round "9"]
[White "Lachut, Tomasz"]
[Black "Miasik, Adrian"]
[Result "0-1"]
[WhiteElo "1395"]
[BlackElo "1946"]
[PlyCount "66"]
[EventDate "2021.08.10"]
[EventType "swiss (blitz)"]
[EventRounds "9"]
[EventCountry "POL"]
[SourceTitle "CBM 203 Extra"]
[Source "ChessBase"]
[SourceDate "2021.09.30"]
[SourceVersion "1"]
[SourceVersionDate "2021.09.30"]
[SourceQuality "1"]

1. d4 d5 2. c4 e6 3. g3 Nf6 4. Bg2 Bb4+ 5. Bd2 Bxd2+ 6. Nxd2 0-0 7. Ngf3 b6 8. cxd5 exd5 9. 0-0 Bb7 10. Rc1 Nbd7 11. b4 Re8 12. Re1 Ne4 13. Qc2 Rc8 14. e3 Qf6 15. Qa4 Qe7 16. Nxe4 dxe4 17. Nd2 a6 18. a3 Nf6 19. h3 h5 20. Rc2 h4 21. g4 Nh7 22. Nc4 f6 23. Qb3 Kh8 24. Nd2 Ng5 25. Rec1 Qd6 26. Nf1 Rf8 27. Qc3 f5 28. Qe1 fxg4 29. hxg4 h3 30. Bh1 Nf3+ 31. Bxf3 Rxf3 32. Nh2 Rcf8 33. Rxc7 Rxf2 0-1

[Event "Lezajsk Merlin 1st"]
[Site "Lezajsk"]
[Date "2021.08.08"]
[Round "6"]
[White "Rasti, Arvin"]
[Black "Miasik, Adrian"]
[Result "1-0"]
[WhiteElo "2285"]
[BlackElo "1946"]
[PlyCount "65"]
[EventDate "2021.08.04"]
[EventType "swiss"]
[EventRounds "9"]
[EventCountry "POL"]
[SourceTitle "CBM 203 Extra"]
[Source "ChessBase"]
[SourceDate "2021.09.30"]
[SourceVersion "1"]
[SourceVersionDate "2021.09.30"]
[SourceQuality "1"]

1. d4 d5 2. c4 e6 3. Nf3 c5 4. cxd5 exd5 5. g3 Nc6 6. Bg2 Nf6 7. 0-0 cxd4 8. Nxd4 Bc5 9. Nb3 Bb6 10. Nc3 Be6 11. Na4 0-0 12. Nxb6 axb6 13. Be3 Ra6 14. Bd4 Ne4 15. a3 Qd7 16. Rc1 Bh3 17. Bxh3 Qxh3 18. Qd3 b5 19. Rfd1 Nxd4 20. Nxd4 Rh6 21. Nf3 Nf6 22. Rc7 Ng4 23. Qf5 Rf6 24. Qxd5 Nxf2 25. Rd4 Ng4 26. Rc8 g6 27. Qc5 Rxc8 28. Qxc8+ Kg7 29. Qxg4 Qh6 30. Rf4 Rd6 31. Qg5 Qxg5 32. Nxg5 f6 33. Nf3 1-0

[Event "Lezajsk Merlin 1st"]
[Site "Lezajsk"]
[Date "2021.08.07"]
[Round "5"]
[White "Miasik, Adrian"]
[Black "Sieciechowicz, Marcin"]
[Result "0-1"]
[WhiteElo "1946"]
[BlackElo "2357"]
[PlyCount "126"]
[EventDate "2021.08.04"]
[EventType "swiss"]
[EventRounds "9"]
[EventCountry "POL"]
[SourceTitle "CBM 203 Extra"]
[Source "ChessBase"]
[SourceDate "2021.09.30"]
[SourceVersion "1"]
[SourceVersionDate "2021.09.30"]
[SourceQuality "1"]

1. d4 Nf6 2. Nf3 g6 3. g3 Bg7 4. Bg2 0-0 5. 0-0 d5 6. c4 dxc4 7. Na3 c3 8. bxc3 c5 9. Re1 Nd5 10. Bb2 Nb6 11. e4 cxd4 12. cxd4 Bg4 13. Rb1 Nc6 14. d5 Bxb2 15. Rxb2 Ne5 16. Qb3 Bxf3 17. Bxf3 Qd6 18. Be2 Ned7 19. Nc4 Nxc4 20. Qxc4 Rfc8 21. Qd4 Rc7 22. f4 e5 23. Qf2 Nb6 24. Bb5 f6 25. a4 Nc8 26. Rf1 Qe7 27. fxe5 fxe5 28. Qf6 Nd6 29. Qxe7 Rxe7 30. Bd3 Rf8 31. Rxf8+ Kxf8 32. Rc2 Rf7 33. Kg2 Ke7 34. a5 a6 35. Rb2 Rf8 36. Rb6 Rc8 37. Bxa6 bxa6 38. Rxa6 Rc2+ 39. Kf3 Rc3+ 40. Ke2 Nxe4 41. Re6+ Kd7 42. Rxe5 Nd6 43. h4 Rxg3 44. h5 Nc4 45. Re6 Nxa5 46. Rf6 Ke7 47. Re6+ Kf7 48. Ra6 Nb7 49. Rc6 Nd8 50. Rc7+ Kf6 51. Rxh7 g5 52. d6 Ne6 53. Rh6+ Ke5 54. d7 Nf4+ 55. Kf1 Rd3 56. Rh7 Ke6 57. Rg7 Rd1+ 58. Kf2 Rxd7 59. Rxd7 Kxd7 60. Kf3 Ke6 61. Kg4 Kf6 62. h6 Ng6 63. Kh5 Nf8 0-1

[Event "Subcarpathian-chT"]
[Site "Bystre"]
[Date "2021.06.13"]
[Round "8.20"]
[White "Pasionek, Ariel"]
[Black "Miasik, Adrian"]
[Result "1-0"]
[WhiteElo "1890"]
[BlackElo "1977"]
[PlyCount "73"]
[EventDate "2021.06.09"]
[EventType "team-tourn"]
[EventRounds "9"]
[EventCountry "POL"]
[SourceTitle "EXT 2022"]
[Source "ChessBase"]
[SourceDate "2021.10.06"]
[SourceVersion "1"]
[SourceVersionDate "2021.10.06"]
[SourceQuality "1"]

1. e4 e5 2. Nf3 Nc6 3. d4 exd4 4. Nxd4 Bc5 5. Be3 Qf6 6. c3 Nge7 7. Qf3 Qxf3 8. gxf3 d6 9. Nd2 Bd7 10. 0-0-0 0-0-0 11. Nxc6 Nxc6 12. Bxc5 dxc5 13. Rg1 g6 14. f4 Be6 15. Bc4 Rhe8 16. f3 Kb8 17. b3 Rd7 18. Bb5 Red8 19. Bxc6 bxc6 20. Nc4 Bxc4 21. bxc4 Rd3 22. Kc2 Rxd1 23. Rxd1 Rxd1 24. Kxd1 Kc8 25. Ke2 Kd7 26. Kf2 Ke6 27. Kg3 h6 28. Kg4 Kf6 29. e5+ Ke6 30. h4 f6 31. h5 gxh5+ 32. Kxh5 Kf5 33. Kxh6 a6 34. a3 a5 35. a4 fxe5 36. fxe5 Kxe5 37. Kg5 1-0

[Event "POL-chT 2nd League"]
[Site "Poronin"]
[Date "2020.09.10"]
[Round "6.17"]
[White "Steczek, Marcin"]
[Black "Miasik, Adrian"]
[Result "1/2-1/2"]
[WhiteElo "2359"]
[BlackElo "1958"]
[PlyCount "86"]
[EventDate "2020.09.05"]
[EventType "team-swiss"]
[EventRounds "9"]
[EventCountry "POL"]
[SourceTitle "CBM 198 Extra"]
[Source "ChessBase"]
[SourceDate "2020.11.30"]
[SourceVersion "1"]
[SourceVersionDate "2020.11.30"]
[SourceQuality "1"]
[WhiteTeam "Konin Hetman"]
[BlackTeam "Rzeszow RzKSz"]
[WhiteTeamCountry "POL"]
[BlackTeamCountry "POL"]

1. c4 d5 2. cxd5 Qxd5 3. Nc3 Qd8 4. Nf3 Nf6 5. g3 g6 6. Bg2 Bg7 7. 0-0 0-0 8. d4 c6 9. h3 Nd5 10. e4 Nxc3 11. bxc3 Nd7 12. Qc2 e5 13. Rb1 Qc7 14. Rd1 c5 15. d5 Nb6 16. c4 Bd7 17. Nd2 Ba4 18. Nb3 Nc8 19. Qb2 Nd6 20. Qa3 Bxb3 21. axb3 a5 22. Be3 b6 23. Qa4 Ra7 24. Rbc1 Qd7 25. Rc2 Rc7 26. Qxd7 Rxd7 27. g4 f6 28. Ra2 g5 29. f3 Rb8 30. Bf1 Ne8 31. h4 h6 32. h5 Bf8 33. Bd3 Nc7 34. Rda1 Na6 35. Be2 Nb4 36. Rb2 Bd6 37. Kf1 Kf7 38. Ke1 Ra7 39. Kd2 Rba8 40. Ra4 Ke7 41. Kc3 Rb8 42. Rb1 Rc7 43. Rba1 Rbc8 1/2-1/2

[Event "POL-chT 2nd League"]
[Site "Jastrzebia Gora"]
[Date "2018.09.07"]
[Round "7.12"]
[White "Libura, Wieslaw"]
[Black "Miasik, Adrian"]
[Result "0-1"]
[WhiteElo "2218"]
[BlackElo "1830"]
[PlyCount "146"]
[EventDate "2018.09.01"]
[EventType "team-swiss"]
[EventRounds "9"]
[EventCountry "POL"]
[SourceTitle "CBM 186 Extra"]
[Source "ChessBase"]
[SourceDate "2018.08.24"]
[SourceVersion "1"]
[SourceVersionDate "2018.08.24"]
[SourceQuality "1"]
[WhiteTeam "Gdansk Korona"]
[BlackTeam "Rzeszow RzKSz"]
[WhiteTeamCountry "POL"]
[BlackTeamCountry "POL"]

1. d4 d5 2. Nf3 e6 3. e3 Nf6 4. Bd3 c5 5. b3 Bd6 6. Bb2 Nc6 7. Nbd2 cxd4 8. exd4 Qc7 9. 0-0 0-0 10. c4 Bd7 11. Rc1 Rac8 12. Re1 Rfe8 13. Ne5 Qb8 14. Qf3 h6 15. Bb1 Red8 16. h3 Bb4 17. Red1 Be8 18. Nf1 Bd6 19. Re1 Bb4 20. Red1 Bd6 21. cxd5 Nxd5 22. Nc4 Bf4 23. Nce3 Nce7 24. Rxc8 Rxc8 25. Nxd5 Nxd5 26. Qd3 g6 27. Ne3 Bxe3 28. fxe3 Qg3 29. e4 Ne3 30. Qd2 Nxd1 31. Qxd1 Qe3+ 32. Kh1 Bb5 33. d5 e5 34. Qg4 Re8 35. Qd1 Qf2 36. Qc2 Qxc2 37. Bxc2 f6 38. a4 Rc8 39. Bb1 Be2 40. b4 Bd1 41. a5 Bc2 42. Ba2 Bxe4 43. d6+ Kf8 44. Bb3 Rd8 45. b5 Rxd6 46. Ba3 Ke7 47. Bf7 g5 48. b6 axb6 49. axb6 Bf5 50. Kg1 Be6 51. Be8 Bd5 52. Kf2 e4 53. g4 Ke6 54. Bf7+ Ke5 55. Bb2+ Kf4 56. Bc1+ e3+ 57. Bxe3+ Ke5 58. Be8 Rd8 59. Bg6 Ra8 60. Bc5 Ra2+ 61. Ke3 Rh2 62. Bd4+ Ke6 63. Bf5+ Kf7 64. Bc5 Rxh3+ 65. Kd4 Bc6 66. Bd6 Rb3 67. Bc7 Ke7 68. Kc4 Rb2 69. Bc8 Rb1 70. Kd4 Ra1 71. Ke3 Ra4 72. Kf2 Be4 73. Kg3 Ra8 0-1

[Event "POL-chT 2nd League"]
[Site "Jastrzebia Gora"]
[Date "2018.09.03"]
[Round "3.86"]
[White "Kasperek, Ryszard"]
[Black "Miasik, Adrian"]
[Result "1-0"]
[WhiteElo "2172"]
[BlackElo "1830"]
[PlyCount "53"]
[EventDate "2018.09.01"]
[EventType "team-swiss"]
[EventRounds "9"]
[EventCountry "POL"]
[SourceTitle "CBM 186 Extra"]
[Source "ChessBase"]
[SourceDate "2018.08.24"]
[SourceVersion "1"]
[SourceVersionDate "2018.08.24"]
[SourceQuality "1"]
[WhiteTeam "Debica Gryf"]
[BlackTeam "Rzeszow RzKSz"]
[WhiteTeamCountry "POL"]
[BlackTeamCountry "POL"]

1. d4 d5 2. Bf4 e6 3. e3 Bd6 4. Bg3 Nf6 5. Nd2 0-0 6. Bd3 b6 7. Qe2 Bb7 8. Ngf3 c5 9. c3 Qc7 10. Ne5 Nc6 11. f4 g6 12. Bh4 Be7 13. Bxf6 Bxf6 14. h4 Nxe5 15. fxe5 Bg7 16. h5 f6 17. hxg6 h6 18. Nf3 fxe5 19. Nxe5 Bxe5 20. dxe5 Qxe5 21. 0-0-0 Kg7 22. Rh5 Qg3 23. Rh3 Qd6 24. Qh5 Rh8 25. Rf1 Raf8 26. Rxf8 Qxf8 27. Rf3 1-0

[Event "POL-chT 2nd League"]
[Site "Jastrzebia Gora"]
[Date "2016.09.09"]
[Round "7.92"]
[White "Miasik, Adrian"]
[Black "Zareba, Radoslaw"]
[Result "0-1"]
[WhiteElo "1933"]
[BlackElo "2093"]
[PlyCount "70"]
[EventDate "2016.09.03"]
[EventType "team-swiss"]
[EventRounds "9"]
[EventCountry "POL"]
[SourceTitle "EXT 2017"]
[Source "ChessBase"]
[SourceDate "2016.10.25"]
[SourceVersion "1"]
[SourceVersionDate "2016.10.25"]
[SourceQuality "1"]
[WhiteTeam "Rzeszow"]
[BlackTeam "Wroclaw AZS Politechnika"]
[WhiteTeamCountry "POL"]
[BlackTeamCountry "POL"]

1. d4 Nf6 2. Nf3 c5 3. d5 b5 4. c4 g6 5. e3 Bg7 6. cxb5 0-0 7. Nc3 Bb7 8. Bc4 d6 9. 0-0 Nbd7 10. e4 Nb6 11. Bd3 a6 12. bxa6 Bxa6 13. Bxa6 Rxa6 14. Qe2 Qa8 15. Bd2 Nfd7 16. b3 Rc8 17. Rac1 Ra3 18. Rc2 Qa6 19. Qxa6 Rxa6 20. Rfc1 Rca8 21. a4 c4 22. bxc4 Nc5 23. Be3 Nd3 24. Rb1 Nxc4 25. Rb7 Nxe3 26. fxe3 Rc8 27. Nd4 Bxd4 28. exd4 Rxa4 29. Nxa4 Rxc2 30. h3 Kf8 31. Rb3 Nf4 32. Rb2 Rc4 33. Ra2 Rxd4 34. Nc3 Rc4 35. Ra3 Rxc3 0-1